| 000 | 01724pam a2200421 a 4500 | ||
|---|---|---|---|
| 001 | 4394463 | ||
| 003 | OSt | ||
| 005 | 20150408114145.0 | ||
| 008 | 920214s1993 nyua b 001 0 eng c | ||
| 010 | _a 92006173 | ||
| 020 | _a0195050274 (alk. paper) | ||
| 040 |
_aDNLM/DLC _cDLC _dDLC |
||
| 043 | _an-us--- | ||
| 050 | 0 | 0 |
_aRA395.A3 _bP298 1993 |
| 060 | _aW 74 P314h | ||
| 082 | 0 | 0 |
_a362.10973 _220 _bPDH |
| 100 | 1 |
_aPatrick, Donald L. _938535 |
|
| 245 | 1 | 0 |
_aHealth status and health policy : _bquality of life in health care evaluation and resource allocation / _cDonald L. Patrick, Pennifer Erickson. |
| 260 |
_aNew York : _bOxford University Press, _c1993. |
||
| 300 |
_axxv, 478 p. : _bill. ; _c25 cm. |
||
| 504 | _aIncludes bibliographical references (p. [429]-461) and indexes. | ||
| 650 | 0 |
_aMedical policy _zUnited States. _99785 |
|
| 650 | 0 |
_aMedical care _zUnited States _xEvaluation. _938536 |
|
| 650 | 0 |
_aQuality of life. _95701 |
|
| 650 | 0 |
_aMedical care, Cost of _zUnited States. _938537 |
|
| 650 | 2 |
_aCost-Benefit Analysis _xmethods. _938538 |
|
| 650 | 2 |
_aHealth Expenditures _zUnited States. _938539 |
|
| 650 | 2 |
_aHealth Policy _xeconomics _zUnited States. _938540 |
|
| 650 | 2 |
_aHealth Resources _xeconomics _zUnited States. _938541 |
|
| 650 | 2 |
_aHealth Status _zUnited States. _938542 |
|
| 650 | 2 |
_aQuality of Life _zUnited States. _938543 |
|
| 700 | 1 |
_aErickson, Pennifer. _938544 |
|
| 856 | 4 | 2 |
_3Publisher description _uhttp://www.loc.gov/catdir/enhancements/fy0605/92006173-d.html |
| 856 | 4 | 1 |
_3Table of contents only _uhttp://www.loc.gov/catdir/enhancements/fy0605/92006173-t.html |
| 906 |
_a7 _bcbc _corignew _d1 _eocip _f19 _gy-gencatlg |
||
| 942 |
_2ddc _cBOOK |
||
| 999 |
_c31556 _d266056 |
||